<?xml version="1.0" encoding="UTF-8"?>
<marc:record xmlns:marc="http://www.loc.gov/MARC21/slim">
   <marc:leader>00000nam a2200000 a 4500</marc:leader>
   <marc:datafield ind1="1" ind2=" " tag="100">
      <marc:subfield code="a">Glines, Abbi</marc:subfield>
      <marc:subfield code="4">aut</marc:subfield>
      <marc:subfield code="e">Verfasser/-in</marc:subfield>
   </marc:datafield>
   <marc:datafield ind1="0" ind2="0" tag="245">
      <marc:subfield code="a">Twisted perfection - ersehnt</marc:subfield>
   </marc:datafield>
   <marc:datafield ind1="0" ind2="0" tag="245">
      <marc:subfield code="b">Roman</marc:subfield>
   </marc:datafield>
   <marc:datafield ind1="0" ind2="0" tag="245">
      <marc:subfield code="c">Abbi Glines. Aus dem Amerikan. von Heidi Lichtblau</marc:subfield>
   </marc:datafield>
   <marc:datafield ind1=" " ind2="1" tag="264">
      <marc:subfield code="a">München</marc:subfield>
      <marc:subfield code="b">Piper</marc:subfield>
      <marc:subfield code="c">2014</marc:subfield>
   </marc:datafield>
   <marc:datafield ind1="1" ind2=" " tag="520">
      <marc:subfield code="a">Della ist endlich frei. Als sie ins Auto steigt und einfach losfährt, lässt sie nicht nur ihr Elternhaus, sondern auch ihre Vergangenheit hinter sich. Sie will unbeschwert leben und die Welt entdecken. Bei einem Zwischenstopp im sonnigen Rosemary Beach lernt sie an einer Tankstelle den unverschämt charmanten Woods kennen. Doch was für Della als heißer One-Night-Stand beginnt, wird ihr Leben für immer verändern</marc:subfield>
   </marc:datafield>
   <marc:datafield ind1=" " ind2=" " tag="020">
      <marc:subfield code="a">9783492304825</marc:subfield>
      <marc:subfield code="9">9783492304825</marc:subfield>
   </marc:datafield>
   <marc:datafield ind1=" " ind2=" " tag="020">
      <marc:subfield code="a">3492304826</marc:subfield>
      <marc:subfield code="9">3492304826</marc:subfield>
   </marc:datafield>
   <marc:datafield ind1=" " ind2=" " tag="300">
      <marc:subfield code="a">293 S.</marc:subfield>
   </marc:datafield>
</marc:record>
